Sehenswürdigkeiten nach Bundesländern - Statistiken

Allgemein
  • Dieses Quiz wurde 1.767 mal gespielt
  • Das Durchschnittsergebnis liegt bei 10 aus 16
Antwortstatistiken
Hint Antwort % Korrekt
Saarschleife Saarland
95%
Schloss Neuschwanstein Bayern
85%
Elbphilharmonie Hamburg
85%
Kölner Dom Nordrhein-Westfalen
84%
Frauenkirche Dresden Sachsen
81%
East Side Gallery Berlin
72%
Schloss Schwerin Mecklenburg-Vorpommern
71%
Schloss Heidelberg Baden-Württemberg
68%
Lüneburger Heide Niedersachsen
60%
Schloss Babelsberg Brandenburg
47%
Wartburg Thüringen
45%
Porta Nigra Rheinland-Pfalz
42%
Schnoor Bremen
34%
Schloss Wernigerode Sachsen-Anhalt
32%
Senckenberg Naturmuseum Hessen
29%
Lange Anna Schleswig-Holstein
26%
Keine übereinstimmenden Quizze gefunden
Verteilung der Resultate
Anzahl Personen mit jedem Resultat
Perzentil nach korrekt beantworteten Fragen
Ihre Resultats-Entwicklung
Sie haben dieses Quiz noch nicht gespielt